000 00311nam a22001337a 4500
008 170202b xxu||||| |||| 00| 0 eng d
020 _a9780838514498
041 _aeng
080 _234TH
_a61
100 _a3
101 _aSHM
245 _aCURRENT MEDICAL DIAGNOSIS & TREATMENT
_cTIERNEY, L.M
942 _2udc
_cBK
999 _c4265
_d4265